Dynamics of structures : Theory and applications to eartuquake engineering (Record no. 179208)

MARC details
000 -LEADER
fixed length control field 00443nam a2200157Ia 4500
008 - FIXED-LENGTH DATA ELEMENTS--GENERAL INFORMATION
fixed length control field 230917s9999||||xx |||||||||||||| ||und||
040 ## - CATALOGING SOURCE
-- 229325
Original cataloging agency VIVEKANANDA LIBRARY
041 ## - Language
-- English
082 ## - DDC NUMBER
Classification number 624.1762 C455D(3)
100 ## - MAIN ENTRY--PERSONAL NAME
Personal name Chopra, Anil K
245 #0 - TITLE STATEMENT
Title Dynamics of structures : Theory and applications to eartuquake engineering
250 ## - EDITION STATEMENT
Edition statement 3rd ed.
260 ## - PUBLICATION, DISTRIBUTION, ETC. (IMPRINT)
Place of publication, distribution, etc New Delhi
Name of publisher, distributor, etc Pearson Education
Date of publication, distribution, etc 2015
300 ## - PHYSICAL DESCRIPTION
Pages xxxiv, 876 p.
942 ## - ADDED ENTRY ELEMENTS (KOHA)
Koha item type Books
Holdings
Withdrawn status Lost status Damaged status Not for loan Location (home branch) Sublocation or collection (holding branch) Shelving location Date acquired Koha issues (times borrowed) Koha full call number Accession No. Koha date last seen Koha item type
        VIVEKANANDA LIBRARY VIVEKANANDA LIBRARY UIET Library 19/11/2015   624.1762 C455D(3) 344652 17/09/2023 Books
        VIVEKANANDA LIBRARY VIVEKANANDA LIBRARY UIET Library 19/11/2015   624.1762 C455D(3) 344653 17/09/2023 Books
        VIVEKANANDA LIBRARY VIVEKANANDA LIBRARY UIET Library 19/11/2015   624.1762 C455D(3) 344654 17/09/2023 Books
        VIVEKANANDA LIBRARY VIVEKANANDA LIBRARY UIET Library 19/11/2015   624.1762 C455D(3) 344655 17/09/2023 Books
        VIVEKANANDA LIBRARY VIVEKANANDA LIBRARY UIET Library 19/11/2015 3 624.1762 C455D(3) 344656 31/05/2024 Books
        VIVEKANANDA LIBRARY VIVEKANANDA LIBRARY UIET Library 19/11/2015   624.1762 C455D(3) 344657 17/09/2023 Books
        VIVEKANANDA LIBRARY VIVEKANANDA LIBRARY UIET Library 19/11/2015   624.1762 C455D(3) 344658 17/09/2023 Books
        VIVEKANANDA LIBRARY VIVEKANANDA LIBRARY UIET Library 19/11/2015 1 624.1762 C455D(3) 344659 02/05/2024 Books
        VIVEKANANDA LIBRARY VIVEKANANDA LIBRARY UIET Library 19/11/2015   624.1762 C455D(3) 344660 17/09/2023 Books
        VIVEKANANDA LIBRARY VIVEKANANDA LIBRARY UIET Library 19/11/2015   624.1762 C455D(3) 344661 17/09/2023 Books
        VIVEKANANDA LIBRARY VIVEKANANDA LIBRARY UIET Library 19/11/2015   624.1762 C455D(3) 344662 17/09/2023 Books
        VIVEKANANDA LIBRARY VIVEKANANDA LIBRARY UIET Library 19/11/2015   624.1762 C455D(3) 344663 17/09/2023 Books
        VIVEKANANDA LIBRARY VIVEKANANDA LIBRARY UIET Library 19/11/2015 2 624.1762 C455D(3) 344664 05/05/2025 Books
        VIVEKANANDA LIBRARY VIVEKANANDA LIBRARY UIET Library 19/11/2015   624.1762 C455D(3) 344665 17/09/2023 Books
        VIVEKANANDA LIBRARY VIVEKANANDA LIBRARY UIET Library 19/11/2015   624.1762 C455D(3) 344666 17/09/2023 Books
© Designed and Maintained by Vivekananda Library, MDU Rohtak